|
|
|
|
| LEADER |
00570nam a22001577a 4500 |
| 008 |
190214b ||||| |||| 00| 0 eng d |
| 999 |
|
|
|c 318930
|d 318930
|
| 020 |
|
|
|a 9788189884420
|
| 082 |
|
|
|a 363.44
|
| 100 |
|
|
|a Tambe,Ashwini
|
| 245 |
|
|
|a Codes of misconduct:
|b regulating prostitution in late colonial Bombay/
|c Ashwini Tambe
|
| 260 |
|
|
|a New Delhi:
|b Zubaan,
|c 2009.
|
| 300 |
|
|
|a 179p.
|
| 653 |
|
|
|a Prostitution
|
| 942 |
|
|
|c BK
|
| 952 |
|
|
|0 0
|1 0
|2 ddc
|4 0
|6 E_363_440000000000000_TAM_C
|7 0
|9 365201
|a MAL
|b MAL
|c ST1
|d 2019-02-14
|g 395.00
|l 0
|o E 363.44 TAM/C
|p MALG1156
|r 2019-02-14
|w 2019-02-14
|y BK
|